[Event "X Festival A"]
[Site "Trieste ITA"]
[Date "2008.09.05"]
[Round "7"]
[White "Znidarcic, Andrej"]
[Black "Hartl, Daniel"]
[Result "0-1"]
[WhiteElo "2218"]
[BlackElo "2138"]
[PlyCount "110"]
[EventDate "2008.08.31"]

1. e4 d5 2. exd5 Nf6 3. Nf3 Nxd5 4. Bc4 Bg4 5. d4 e6 6. O-O Nc6 7. c3 Bd6 8. h3
Bh5 9. Re1 Nce7 10. Nbd2 c6 11. Ne4 h6 12. Be2 Bc7 13. Ne5 Bg6 14. Bf3 Bxe4 15.
Bxe4 Nf6 16. Bd3 Nd7 17. f4 Nd5 18. Qh5 Nxe5 19. fxe5 Qe7 20. Rf1 Rf8 21. Qg4
f5 22. exf6 Nxf6 23. Bg6+ Kd7 24. Qe2 Nd5 25. Bd2 Qd6 26. g4 Qg3+ 27. Qg2 Qxg2+
28. Kxg2 Bf4 29. c4 Bxd2 30. cxd5 exd5 31. Rad1 Bg5 32. Rde1 Rxf1 33. Rxf1 Bf6
34. Rd1 Rf8 35. b3 Bh4 36. Rd2 Rf4 37. a4 Kd6 38. Rd3 Bf6 39. Kg3 Rxd4 40. Rxd4
Bxd4 41. h4 a6 42. Kf3 c5 43. Ke2 c4 44. bxc4 dxc4 45. Be4 Kc7 46. g5 hxg5 47.
hxg5 b5 48. g6 Kb6 49. Kd2 b4 50. Bd5 Kc5 51. Bb7 a5 52. Ba6 b3 53. Bc8 Kb4 54.
Be6 c3+ 55. Kd3 c2 0-1

[Event "X Festival A"]
[Site "Trieste ITA"]
[Date "2008.09.05"]
[Round "7"]
[White "Zucchelli, Massimo"]
[Black "Raykhman, Alexander"]
[Result "1-0"]
[WhiteElo "2150"]
[BlackElo "2267"]
[PlyCount "83"]
[EventDate "2008.08.31"]

1. d4 Nf6 2. c4 g6 3. Nc3 Bg7 4. e4 d6 5. Be2 O-O 6. Bg5 Na6 7. Qd2 e5 8. d5 c6
9. f3 cxd5 10. cxd5 Bd7 11. g4 h6 12. Be3 h5 13. h3 Qb8 14. Bb5 Bc8 15. Nge2
Nc7 16. Bd3 b5 17. a4 b4 18. Nd1 a5 19. b3 Nfxd5 20. exd5 e4 21. fxe4 Bxa1 22.
gxh5 Kh7 23. Nd4 Ba6 24. Bxa6 Rxa6 25. Qf2 Qe8 26. Qh4 Kg8 27. Rg1 Qd8 28. Qf4
Qe8 29. Qh6 Bxd4 30. hxg6 fxg6 31. Rxg6+ Qxg6 32. Qxg6+ Bg7 33. Bd4 Rf7 34. Ne3
Kf8 35. Bxg7+ Rxg7 36. Qh6 Ne8 37. Nf5 Raa7 38. Nxg7 Rxg7 39. Kf2 Nf6 40. Qxf6+
Rf7 41. Qxf7+ Kxf7 42. Ke3 1-0

[Event "X Festival A"]
[Site "Trieste ITA"]
[Date "2008.09.06"]
[Round "8"]
[White "Banusz, Tamas"]
[Black "Narayanan, Srinath"]
[Result "0-1"]
[WhiteElo "2481"]
[BlackElo "2220"]
[PlyCount "56"]
[EventDate "2008.08.31"]

1. d4 Nf6 2. c4 e6 3. Nc3 Bb4 4. Qc2 O-O 5. a3 Bxc3+ 6. Qxc3 b6 7. Bg5 Bb7 8.
Nf3 d6 9. Nd2 Nbd7 10. f3 Rc8 11. e4 h6 12. Be3 c5 13. dxc5 bxc5 14. O-O-O d5
15. exd5 exd5 16. Bf4 d4 17. Qc2 Nh5 18. Bd6 Re8 19. Bd3 Qb6 20. Bg3 Nxg3 21.
hxg3 Ne5 22. Bf5 Rb8 23. Rde1 g6 24. Bd3 Bc6 25. b3 Qa5 26. Kb2 Ba4 27. Rxe5
Rxe5 28. Ka2 Re3 0-1

[Event "X Festival A"]
[Site "Trieste ITA"]
[Date "2008.09.06"]
[Round "8"]
[White "Basagic, Zlatko"]
[Black "Mogranzini, Roberto"]
[Result "1/2-1/2"]
[WhiteElo "2337"]
[BlackElo "2423"]
[PlyCount "85"]
[EventDate "2008.08.31"]

1. d4 Nf6 2. c4 g6 3. Nc3 d5 4. Nf3 Bg7 5. Bg5 Ne4 6. cxd5 Nxg5 7. Nxg5 e6 8.
Qd2 h6 9. Nh3 exd5 10. Nf4 O-O 11. e3 c6 12. Be2 a5 13. O-O Re8 14. a3 Bf8 15.
Rfe1 Nd7 16. Nd3 Bd6 17. b4 axb4 18. axb4 Rxa1 19. Rxa1 Nf6 20. b5 Bf5 21. bxc6
bxc6 22. g3 h5 23. Ra6 Qc7 24. f4 Bxd3 25. Qxd3 Kg7 26. Bf3 Bb4 27. Kg2 h4 28.
g4 Qc8 29. g5 Ng4 30. Nd1 h3+ 31. Kg1 Rxe3 32. Nxe3 Nxe3 33. Qxe3 Qxa6 34. Kf2
Bd6 35. Kg3 Qf1 36. Qd2 Bc7 37. Bg4 Qg1+ 38. Kxh3 Bb6 39. Bd7 Qf1+ 40. Kg4 Qc4
41. h4 Bxd4 42. Bxc6 Qxc6 43. Qxd4+ 1/2-1/2

[Event "X Festival A"]
[Site "Trieste ITA"]
[Date "2008.09.06"]
[Round "8"]
[White "Cherin, Diego"]
[Black "Rukavina, Josip"]
[Result "0-1"]
[WhiteElo "2287"]
[BlackElo "2414"]
[PlyCount "132"]
[EventDate "2008.08.31"]

1. e4 g6 2. d4 d6 3. Nc3 Bg7 4. Be3 c6 5. Qd2 Nd7 6. f4 b5 7. Nf3 Ngf6 8. a3
Nb6 9. b3 O-O 10. Bd3 Ng4 11. Bg1 f5 12. e5 Nh6 13. Bf2 Nf7 14. O-O Be6 15.
Rfe1 Re8 16. a4 b4 17. Nd1 Nd5 18. a5 Rb8 19. Bc4 Qc8 20. Nb2 Nc3 21. Bxe6 Qxe6
22. d5 Qxd5 23. Qxd5 Nxd5 24. Bxa7 Ra8 25. Bd4 c5 26. Bf2 Nxf4 27. Nc4 Nd5 28.
a6 Reb8 29. Ra5 Nc7 30. exd6 exd6 31. Bg3 Bf8 32. Rea1 Ra7 33. R1a2 Rb5 34.
R5a4 Nd5 35. Ra5 Rxa5 36. Rxa5 Nc7 37. Ra1 Rxa6 38. Rd1 Ne6 39. Re1 Nfg5 40.
Nfd2 Ne4 41. Nxe4 fxe4 42. Ne3 Nd4 43. Nd5 Ra2 44. Nf6+ Kg7 45. Ne8+ Kf7 46.
Nxd6+ Bxd6 47. Bxd6 Rxc2 48. Rxe4 Nxb3 49. g4 Nd4 50. Re7+ Kf6 51. Rxh7 b3 52.
Rb7 c4 53. Ba3 Nf3+ 54. Kf1 Nxh2+ 55. Ke1 Nf3+ 56. Kd1 Kg5 57. Rb6 Nd4 58. Bc1+
Kxg4 59. Rxg6+ Kf5 60. Rg5+ Ke6 61. Rg6+ Kd5 62. Rg5+ Kc6 63. Rg6+ Kb5 64. Rg5+
Kb4 65. Rg4 Nb5 66. Bd2+ Nc3+ 0-1

[Event "X Festival A"]
[Site "Trieste ITA"]
[Date "2008.09.06"]
[Round "8"]
[White "Degtiarev, Evgeny"]
[Black "Sikanjic, Bojan"]
[Result "1-0"]
[WhiteElo "2367"]
[BlackElo "2177"]
[PlyCount "79"]
[EventDate "2008.08.31"]

1. d4 Nf6 2. c4 g6 3. Nc3 Bg7 4. e4 d6 5. f3 O-O 6. Nge2 c5 7. d5 e6 8. Ng3
exd5 9. cxd5 h5 10. Be2 a6 11. a4 Nh7 12. Be3 Re8 13. Qd2 h4 14. Nf1 f5 15.
exf5 Bxf5 16. g4 Bc8 17. Ne4 Qb6 18. a5 Qxb2 19. Qxb2 Bxb2 20. Rb1 Be5 21. Nfd2
Nf6 22. Nxf6+ Bxf6 23. Ne4 Bd8 24. Kf2 Rxe4 25. fxe4 Bxa5 26. e5 dxe5 27. Bxc5
Nd7 28. Be7 b5 29. Rhd1 Bb7 30. g5 Bb6+ 31. Ke1 Bd4 32. d6 Bd5 33. Rbc1 Be6 34.
Bf3 Rb8 35. Rc7 b4 36. Bc6 Bc3+ 37. Kf2 Bd4+ 38. Kg2 Nc5 39. d7 Nxd7 40. Bxd7
1-0

[Event "X Festival A"]
[Site "Trieste ITA"]
[Date "2008.09.06"]
[Round "8"]
[White "Fierro Baquero, Martha Lorena"]
[Black "Fercec, Nenad"]
[Result "0-1"]
[WhiteElo "2379"]
[BlackElo "2486"]
[PlyCount "110"]
[EventDate "2008.08.31"]

1. e4 c5 2. Nf3 d6 3. d4 cxd4 4. Nxd4 Nf6 5. Nc3 a6 6. Be3 e5 7. Nb3 Be6 8. Qd2
Be7 9. f3 O-O 10. O-O-O a5 11. a4 Nc6 12. g4 Nb4 13. Kb1 Qc8 14. g5 Nh5 15. f4
exf4 16. Bxf4 Nxf4 17. Qxf4 f6 18. g6 hxg6 19. h4 Bf7 20. Rd2 Re8 21. Bh3 Qc4
22. Rd4 Qc6 23. Rhd1 Bf8 24. Nxa5 Rxa5 25. Rxb4 Rc5 26. Qd2 Rh5 27. Bg2 Qc8 28.
e5 dxe5 29. Rxb7 Be6 30. Rb6 Kh7 31. Rc6 Qb8 32. Qf2 Qb4 33. Rb6 Qg4 34. Bf3
Qf4 35. Qg2 Rxh4 36. Re1 Bc5 37. Rb7 f5 38. Bd5 e4 39. Bxe6 Rxe6 40. Qe2 Qf2
41. a5 Qxe2 42. Rxe2 e3 43. Rc7 Bb4 44. Nd5 Bxa5 45. Rc8 Re5 46. c4 f4 47. Rf8
Rf5 48. Rxf5 gxf5 49. Kc2 f3 50. Rxe3 Rxc4+ 51. Kd3 Rc8 52. Kd4 f2 53. Rf3 Rc2
54. b4 Rd2+ 55. Ke5 55... Bd8 {...} 0-1

[Event "X Festival A"]
[Site "Trieste ITA"]
[Date "2008.09.06"]
[Round "8"]
[White "Heikkila, Antti"]
[Black "Vrhovnik, Damir"]
[Result "1-0"]
[WhiteElo "1993"]
[BlackElo "1996"]
[PlyCount "79"]
[EventDate "2008.08.31"]

1. e4 c5 2. Nf3 d6 3. d4 cxd4 4. Nxd4 Nf6 5. Nc3 g6 6. Be2 Bg7 7. O-O O-O 8.
Bg5 Nc6 9. Nb3 a5 10. a4 Be6 11. f4 Rc8 12. Bf3 Re8 13. Bh4 Nb4 14. Rf2 Qb6 15.
Ra3 Bc4 16. Kh1 e5 17. Rd2 Rcd8 18. Bf2 Qc7 19. Nb5 Bxb5 20. axb5 d5 21. exd5
e4 22. d6 Qc8 23. Bb6 exf3 24. Bxa5 Ne4 25. Bxb4 Nxd2 26. Nxd2 fxg2+ 27. Kxg2
Bxb2 28. Rd3 Re6 29. c3 Qa8 30. Nc4 b6+ 31. Qf3 Qa2 32. Nxb2 Qxb2+ 33. Kg3 Re2
34. d7 Rd2 35. Qe3 Re2 36. Qf3 Rd2 37. Qe3 Re2 38. Qf3 Rd2 39. Be7 Rxd7 40.
Qa8+ 1-0

[Event "X Festival A"]
[Site "Trieste ITA"]
[Date "2008.09.06"]
[Round "8"]
[White "Lenic, Luka"]
[Black "Hrzica, Rok"]
[Result "1-0"]
[WhiteElo "2584"]
[BlackElo "2285"]
[PlyCount "109"]
[EventDate "2008.08.31"]

1. d4 c6 2. c4 d5 3. Nf3 Nf6 4. e3 Bf5 5. Nc3 e6 6. Nh4 Bg4 7. Qb3 Qb6 8. h3
Bh5 9. g4 Bg6 10. Nxg6 hxg6 11. g5 Nfd7 12. Qc2 Qd8 13. f4 dxc4 14. Bxc4 Nb6
15. Bd3 Nd5 16. Be4 Na6 17. Bg2 Nab4 18. Qe2 Qd7 19. e4 Nc7 20. Be3 f6 21. a3
Nba6 22. O-O-O Nb5 23. Nxb5 cxb5 24. Kb1 b4 25. axb4 Nxb4 26. Rc1 Be7 27. Qc4
f5 28. Bd2 a5 29. Rhe1 b5 30. Qe2 Ra6 31. d5 fxe4 32. Qxe4 O-O 33. Bxb4 axb4
34. Rc6 Rfa8 35. Qxe6+ Qxe6 36. Rexe6 Ra4 37. Rxe7 b3 38. Kc1 Rd4 39. Be4 Ra1+
40. Bb1 Rxf4 41. Re1 Rd4 42. Rc3 Rxd5 43. Rxb3 Rxg5 44. Ra3 Rxa3 45. bxa3 Rg3
46. Kb2 Kf7 47. Re5 Rxh3 48. Rxb5 Ke6 49. Rb6+ Kd5 50. Rxg6 Kc4 51. Rg4+ Kb5
52. Rxg7 Rh4 53. Rg5+ Ka6 54. Rd5 Kb6 55. Bd3 1-0

[Event "X Festival A"]
[Site "Trieste ITA"]
[Date "2008.09.06"]
[Round "8"]
[White "Miele, Roberto"]
[Black "Bosma, Jaap"]
[Result "0-1"]
[WhiteElo "1887"]
[BlackElo "2048"]
[PlyCount "64"]
[EventDate "2008.08.31"]

1. e4 e5 2. Nf3 Nc6 3. d4 exd4 4. Bc4 Nf6 5. O-O Nxe4 6. Nxd4 d5 7. Nxc6 bxc6
8. Bd3 Nc5 9. Re1+ Be7 10. Bg5 f6 11. Qh5+ Kf8 12. Bf4 Nxd3 13. cxd3 g6 14.
Qh6+ Kf7 15. Bd2 Bf5 16. d4 c5 17. Be3 cxd4 18. Bxd4 c5 19. Be3 Bd6 20. Na3 Rb8
21. Rad1 Bf8 22. Qh4 Qa5 23. Bc1 Bd6 24. Re2 Rb4 25. Qh6 Qa4 26. Qd2 Rd4 27.
Qe3 Rxd1+ 28. Re1 Rxe1+ 29. Qxe1 Re8 30. Qd2 d4 31. h3 g5 32. g4 Bf4 0-1

[Event "X Festival A"]
[Site "Trieste ITA"]
[Date "2008.09.06"]
[Round "8"]
[White "Raykhman, Alexander"]
[Black "Milazzo, Mario"]
[Result "1-0"]
[WhiteElo "2267"]
[BlackElo "2010"]
[PlyCount "119"]
[EventDate "2008.08.31"]

1. e4 e5 2. Nf3 Nc6 3. Bb5 a6 4. Ba4 Nf6 5. O-O b5 6. Bb3 Be7 7. Re1 O-O 8. h3
d6 9. c3 Na5 10. Bc2 c5 11. d4 Nc6 12. d5 Nb8 13. a4 Bb7 14. Nbd2 Nbd7 15. Nf1
Re8 16. Qe2 c4 17. Be3 Qc7 18. Ng3 g6 19. Nh2 Bf8 20. Ng4 Nxg4 21. hxg4 Bg7 22.
Ra3 Nc5 23. Rea1 Reb8 24. Nf1 Nd7 25. f3 Qd8 26. axb5 axb5 27. Ba7 Rc8 28. Ra5
Nb8 29. Rxb5 Ba6 30. Be3 Bxb5 31. Rxa8 Nd7 32. Ra1 Ra8 33. Qd1 Qb8 34. Nd2 Bf6
35. Ba4 Kg7 36. Nxc4 Bxc4 37. Bxd7 Rxa1 38. Qxa1 Bh4 39. Qa7 Qf8 40. Qa4 Bd3
41. Qd1 Ba6 42. b4 Bc4 43. b5 Qd8 44. Bc6 Bg3 45. g5 h6 46. Qa4 Be2 47. b6 Bf4
48. Kf2 Bxe3+ 49. Kxe3 Bf1 50. Kf2 Bd3 51. Qb4 Qxg5 52. c4 Qc1 53. Ba4 Qf1+ 54.
Kg3 h5 55. Bd7 Qh1 56. Bh3 g5 57. Qxd6 h4+ 58. Kg4 Qh2 59. Kh5 Qf4 60. Qh6+ 1-0

[Event "X Festival A"]
[Site "Trieste ITA"]
[Date "2008.09.06"]
[Round "8"]
[White "Samuelli, Daniele"]
[Black "Kragelj, Igor"]
[Result "0-1"]
[WhiteElo "1931"]
[BlackElo "2228"]
[PlyCount "82"]
[EventDate "2008.08.31"]

1. Nf3 Nf6 2. g3 d5 3. Bg2 c6 4. d3 Bg4 5. h3 Bh5 6. g4 Bg6 7. Ne5 Nbd7 8. Nxg6
hxg6 9. e4 dxe4 10. dxe4 e5 11. Be3 Qc7 12. Nd2 Bc5 13. Qe2 Bxe3 14. Qxe3 Nf8
15. O-O-O Ne6 16. Nc4 b5 17. Nd6+ Kf8 18. Qc3 Nd4 19. Qc5 Nd7 20. Qa3 c5 21. c3
Qxd6 22. cxd4 b4 23. dxe5 Qxd1+ 24. Rxd1 bxa3 25. Rxd7 axb2+ 26. Kxb2 Re8 27.
Rxa7 g5 28. Rc7 Rh6 29. Rxc5 Rb6+ 30. Ka1 Reb8 31. Rc1 Ke7 32. Bf1 Ke6 33. Bc4+
Kxe5 34. Bd5 f6 35. Re1 Kd4 36. a4 Ra6 37. Rd1+ Ke5 38. Ba2 Rxa4 39. Rd7 Rba8
40. Rd2 Kxe4 41. Kb1 Rxa2 0-1

[Event "X Festival A"]
[Site "Trieste ITA"]
[Date "2008.09.06"]
[Round "8"]
[White "Srebrnic, Marko"]
[Black "Hartl, Daniel"]
[Result "1/2-1/2"]
[WhiteElo "2313"]
[BlackElo "2138"]
[PlyCount "105"]
[EventDate "2008.08.31"]

1. e4 e5 2. d4 exd4 3. Qxd4 Nc6 4. Qe3 d6 5. Nc3 Nf6 6. Bd2 Be6 7. Nd5 Be7 8.
Nxe7 Qxe7 9. Bd3 d5 10. f3 dxe4 11. fxe4 O-O-O 12. Nf3 Ng4 13. Qe2 Nge5 14. Bc3
f6 15. O-O Bg4 16. Qe3 Kb8 17. a3 Be6 18. b4 Rhe8 19. Kh1 Nxf3 20. gxf3 Ne5 21.
Rg1 Qf7 22. Rad1 h6 23. Be2 g5 24. Rd4 Nc6 25. Rxd8+ Rxd8 26. Rd1 Re8 27. Bb5
f5 28. Kg1 fxe4 29. fxe4 Qh5 30. Re1 Rf8 31. Be2 Qg6 32. Bd3 g4 33. Bd2 Ne5 34.
Kh1 Rf3 35. Qxh6 Qxh6 36. Bxh6 Nxd3 37. cxd3 Rxd3 38. Bc1 Kc8 39. Kg2 Kd7 40.
Re2 b6 41. Rc2 Rd4 42. e5 Rd5 43. Rc3 c5 44. Re3 c4 45. Kg3 b5 46. Bb2 Kc6 47.
Bc3 Rd3 48. Rxd3 cxd3 49. Kf4 Kd5 50. Ke3 Kc4 51. Bd2 a6 52. Ke4 Bd7 53. Ke3
1/2-1/2

[Event "X Festival A"]
[Site "Trieste ITA"]
[Date "2008.09.06"]
[Round "8"]
[White "Suc, Timothy"]
[Black "Srebrnic, Vojko"]
[Result "1/2-1/2"]
[WhiteElo "1833"]
[BlackElo "2214"]
[PlyCount "143"]
[EventDate "2008.08.31"]

1. e4 c5 2. Nf3 g6 3. Nc3 Bg7 4. h4 Nc6 5. h5 d6 6. Bc4 e6 7. d3 Nd4 8. Nxd4
cxd4 9. Ne2 d5 10. exd5 exd5 11. Bb3 Ne7 12. Bf4 Nc6 13. Qd2 Be6 14. O-O-O Qa5
15. Qxa5 Nxa5 16. Ba4+ Bd7 17. Bxd7+ Kxd7 18. Rde1 Nc6 19. Kd2 Bf6 20. Bg3 g5
21. f3 Rhg8 22. Bf2 g4 23. f4 Rae8 24. Ng3 Rxe1 25. Rxe1 Bh4 26. Rh1 Bxg3 27.
Bxg3 Ne7 28. Bf2 Nf5 29. c3 dxc3+ 30. bxc3 b6 31. Bh4 Re8 32. Bf2 Re6 33. g3
Kc6 34. a4 Rh6 35. a5 bxa5 36. Ra1 Kb5 37. c4+ dxc4 38. dxc4+ Kxc4 39. Rxa5
Rxh5 40. Rxa7 Rh2 41. Ke1 Kd3 42. Rxf7 Rh1+ 43. Bg1 Rxg1+ 44. Kf2 Rxg3 45. Rxf5
Rh3 46. Rg5 h5 47. f5 Ke4 48. f6 Kf4 49. Rg8 Ke5 50. f7 Rf3+ 51. Kg2 Rxf7 52.
Kg3 Rf3+ 53. Kg2 Ke6 54. Rh8 Rh3 55. Rf8 Ke5 56. Rf7 Ra3 57. Rf8 h4 58. Re8+
Kf6 59. Rf8+ Kg7 60. Rf4 h3+ 61. Kh2 Ra2+ 62. Kh1 Rg2 63. Rf7+ Kg6 64. Rf6+ Kh5
65. Rh6+ Kg5 66. Rh5+ Kf4 67. Rf5+ Ke3 68. Rf3+ Ke2 69. Re3+ Kf1 70. Re1+ Kf2
71. Rf1+ Ke3 72. Rf3+ 1/2-1/2

[Event "X Festival A"]
[Site "Trieste ITA"]
[Date "2008.09.06"]
[Round "8"]
[White "Tonel, Giulia"]
[Black "Capaliku, Aleks"]
[Result "1-0"]
[WhiteElo "1983"]
[BlackElo "2114"]
[PlyCount "91"]
[EventDate "2008.08.31"]

1. e4 c5 2. Nf3 d6 3. d4 cxd4 4. Qxd4 e5 5. Qd1 Nf6 6. Bg5 Nbd7 7. Nc3 Be7 8.
Bxf6 Nxf6 9. Bb5+ Bd7 10. Bxd7+ Qxd7 11. Qd3 O-O 12. O-O Qc6 13. Rfd1 a6 14.
Rac1 Rac8 15. g3 Qc4 16. Nh4 g6 17. Ng2 Qxd3 18. Rxd3 Rfd8 19. Ne3 Kf8 20. h4
Rc6 21. Ned5 Nxd5 22. Nxd5 f6 23. c3 Kf7 24. f3 f5 25. Re1 Re8 26. Kg2 Bf8 27.
Re2 h5 28. Rd1 Bh6 29. b4 f4 30. Rb2 b5 31. a4 Rb8 32. Ra2 fxg3 33. axb5 Rxb5
34. Kxg3 Bf4+ 35. Kg2 g5 36. hxg5 Bxg5 37. Rda1 Rxd5 38. exd5 Rxc3 39. Rxa6
Rc2+ 40. Kf1 h4 41. Rxd6 h3 42. Ra7+ Ke8 43. Re6+ Kd8 44. Rg6 Rc1+ 45. Ke2 Rc2+
46. Kd3 1-0

[Event "X Festival A"]
[Site "Trieste ITA"]
[Date "2008.09.06"]
[Round "8"]
[White "Vitri, Sergio"]
[Black "Stantic, Severino"]
[Result "1/2-1/2"]
[WhiteElo "2132"]
[BlackElo "2024"]
[PlyCount "70"]
[EventDate "2008.08.31"]

1. d4 d5 2. c4 e6 3. Nc3 Nf6 4. cxd5 Nxd5 5. e4 Nxc3 6. bxc3 Nd7 7. Nf3 Be7 8.
Bd3 c5 9. O-O b6 10. Be3 cxd4 11. cxd4 Bb7 12. Rc1 Rc8 13. Qa4 a6 14. Rxc8 Qxc8
15. Rc1 Qa8 16. Ne5 b5 17. Bxb5 axb5 18. Qxa8+ Bxa8 19. Rc8+ Bd8 20. Rxa8 Nxe5
21. dxe5 O-O 22. Bc5 Be7 23. Rxf8+ Kxf8 24. Bd4 Ke8 25. Kf1 Kd7 26. Ke2 Kc6 27.
f4 Ba3 28. Kd3 Bb4 29. Kc2 Be1 30. Bc3 Bf2 31. Kd3 Bc5 32. Bd4 Be7 33. Kc3 Bf8
34. Kb3 Be7 35. h3 Bd8 1/2-1/2

[Event "X Festival A"]
[Site "Trieste ITA"]
[Date "2008.09.06"]
[Round "8"]
[White "Znidarcic, Andrej"]
[Black "Rezzuti, Vincenzo"]
[Result "1-0"]
[WhiteElo "2218"]
[BlackElo "1990"]
[PlyCount "97"]
[EventDate "2008.08.31"]

1. e4 e5 2. Nf3 Nc6 3. Bc4 Nf6 4. d3 Bc5 5. Bg5 d6 6. Nc3 Be6 7. Bb3 a6 8. Qe2
Nd4 9. Nxd4 Bxd4 10. O-O c6 11. Kh1 h6 12. Be3 Bxe3 13. Qxe3 O-O 14. f4 d5 15.
fxe5 d4 16. Qf3 Nd7 17. Ne2 Nxe5 18. Qg3 Bxb3 19. axb3 Ng6 20. Rf5 b6 21. Raf1
c5 22. Rd5 Qe7 23. Qf2 Rad8 24. Rf5 Rd7 25. Ng3 Rd6 26. Rh5 Rf6 27. Nf5 Rxf5
28. exf5 Ne5 29. f6 Qe6 30. fxg7 Kxg7 31. Rf5 Ng4 32. Qg3 Qg6 33. R5f3 Ne3 34.
Qxg6+ Kxg6 35. R1f2 f5 36. Kg1 a5 37. h3 Ra8 38. c3 a4 39. cxd4 cxd4 40. Rf4 a3
41. bxa3 Rxa3 42. Rxd4 Rxb3 43. Re2 Rb1+ 44. Kf2 Nd1+ 45. Kg3 Nc3 46. Rd6+ Kf7
47. Ree6 f4+ 48. Kxf4 b5 49. Rxh6 1-0

[Event "X Festival A"]
[Site "Trieste ITA"]
[Date "2008.09.06"]
[Round "8"]
[White "Zucchelli, Massimo"]
[Black "Scalcione, Michelangelo"]
[Result "0-1"]
[WhiteElo "2150"]
[BlackElo "2398"]
[PlyCount "54"]
[EventDate "2008.08.31"]

1. d4 d6 2. c4 e5 3. Nf3 e4 4. Ng5 f5 5. Nc3 h6 6. Nh3 g5 7. e3 Nf6 8. Be2 Bg7
9. b3 O-O 10. Bb2 Qe7 11. Qd2 c6 12. O-O-O a6 13. Ng1 b5 14. d5 b4 15. Na4 c5
16. Nb6 Ra7 17. Nxc8 Rxc8 18. h4 g4 19. Re1 Nbd7 20. Bd1 Ne5 21. Bc2 a5 22. f4
Nd3+ 23. Bxd3 exd3 24. Qxd3 Ne4 25. Ne2 a4 26. Kc2 Bxb2 27. Kxb2 axb3 0-1

[Event "X Festival A"]
[Site "Trieste ITA"]
[Date "2008.09.07"]
[Round "9"]
[White "Capaliku, Aleks"]
[Black "Vrhovnik, Damir"]
[Result "1-0"]
[WhiteElo "2114"]
[BlackElo "1996"]
[PlyCount "153"]
[EventDate "2008.08.31"]

1. f4 d5 2. Nf3 c5 3. e3 Nf6 4. b3 e6 5. Bb2 Be7 6. Be2 O-O 7. O-O Nc6 8. Bb5
Qc7 9. Bxc6 Qxc6 10. d3 b5 11. c4 bxc4 12. bxc4 Rb8 13. Bc3 Rd8 14. Qe2 Ba6 15.
Nbd2 dxc4 16. Ne5 cxd3 17. Nxc6 dxe2 18. Rfe1 Kf8 19. Ba5 Rdc8 20. Nxb8 Rxb8
21. Rab1 Rc8 22. Nc4 Ne4 23. Rb2 Nd6 24. Nxd6 Bxd6 25. Rd2 Ke7 26. a4 e5 27. g3
e4 28. Rb2 Ke6 29. Kf2 Rc6 30. Rexe2 Bd3 31. Red2 Ra6 32. Bc3 Rxa4 33. Ra2 Rc4
34. Bxg7 Rc1 35. Re2 Bxe2 36. Kxe2 Rh1 37. Rxa7 Rxh2+ 38. Kf1 c4 39. g4 Bc5 40.
f5+ Kd5 41. Rd7+ Kc6 42. Rxf7 Bxe3 43. Re7 Rf2+ 44. Ke1 h5 45. Rxe4 hxg4 46.
Rxe3 Rxf5 47. Re4 Kb5 48. Rxg4 Rd5 49. Bd4 Rh5 50. Rf4 Rh1+ 51. Kd2 Rh2+ 52.
Bf2 Rh3 53. Kc2 Rh5 54. Be3 Rh2+ 55. Kc3 Rh3 56. Re4 Rf3 57. Re5+ Kc6 58. Kxc4
Rh3 59. Bd4 Rh1 60. Re6+ Kd7 61. Kd5 Rh5+ 62. Be5 Rh1 63. Rd6+ Ke7 64. Rg6 Rd1+
65. Bd4 Rf1 66. Rh6 Kf7 67. Rh7+ Kg6 68. Rg7+ Kh6 69. Rg2 Rf5+ 70. Ke6 Rf3 71.
Bf6 Re3+ 72. Kf7 Kh5 73. Rg5+ Kh6 74. Rg4 Rh3 75. Bg7+ Kh7 76. Rd4 Rf3+ 77. Bf6
{...} 1-0

[Event "X Festival A"]
[Site "Trieste ITA"]
[Date "2008.09.07"]
[Round "9"]
[White "Erdos, Viktor"]
[Black "Basagic, Zlatko"]
[Result "1-0"]
[WhiteElo "2576"]
[BlackElo "2337"]
[PlyCount "54"]
[EventDate "2008.08.31"]

1. d4 g6 2. c4 Bg7 3. e4 e6 4. Nc3 Ne7 5. Nf3 O-O 6. Be2 d5 7. Bg5 dxe4 8. Nxe4
f6 9. Bd2 b6 10. Bc3 Bb7 11. Qc2 Nf5 12. O-O Nd7 13. Rad1 Qe7 14. Rfe1 Qf7 15.
Bf1 Rfc8 16. b4 h6 17. g3 Nd6 18. Ned2 Nf8 19. Bb2 Nf5 20. Bg2 Rab8 21. Ne4 Nd6
22. Ned2 Nf5 23. a3 g5 24. h3 Ne7 25. Ne4 f5 26. Nc3 Neg6 27. d5 27... e5 {...}
1-0

[Event "X Festival A"]
[Site "Trieste ITA"]
[Date "2008.09.07"]
[Round "9"]
[White "Heikkila, Antti"]
[Black "Miele, Roberto"]
[Result "1-0"]
[WhiteElo "1993"]
[BlackElo "1887"]
[PlyCount "91"]
[EventDate "2008.08.31"]

1. e4 e5 2. Nc3 Nc6 3. g3 Nf6 4. Bg2 d6 5. Nf3 Be7 6. h3 Bd7 7. O-O Qc8 8. Kh2
h5 9. d3 Ng4+ 10. Kg1 Nh6 11. Nd5 Bd8 12. Ng5 Bxg5 13. Bxg5 f6 14. Bxh6 Rxh6
15. f4 Be6 16. c3 Ne7 17. Kh2 Nxd5 18. exd5 Bf5 19. d4 exf4 20. Rxf4 Qd7 21.
Qf3 Bh7 22. h4 Qb5 23. b3 O-O-O 24. c4 Qe8 25. Bh3+ Kb8 26. Be6 Qf8 27. Rf1 Re8
28. b4 Qe7 29. b5 Bg8 30. Re4 Bh7 31. Bf5 Qf7 32. Rfe1 Rxe4 33. Qxe4 Bxf5 34.
Qxf5 Rh8 35. Qe6 Qg6 36. c5 Qg4 37. cxd6 Qxe6 38. dxe6 cxd6 39. g4 hxg4 40. Kg3
f5 41. Kf4 Rf8 42. e7 Re8 43. Kxf5 Kc7 44. Ke6 g5 45. h5 Rh8 46. Rc1+ 1-0

[Event "X Festival A"]
[Site "Trieste ITA"]
[Date "2008.09.07"]
[Round "9"]
[White "Hrzica, Rok"]
[Black "Banusz, Tamas"]
[Result "0-1"]
[WhiteElo "2285"]
[BlackElo "2481"]
[PlyCount "58"]
[EventDate "2008.08.31"]

1. e4 e5 2. Nf3 Nc6 3. Nc3 Nf6 4. d4 exd4 5. Nd5 Nb4 6. Bc4 Nbxd5 7. exd5 Bb4+
8. Bd2 Qe7+ 9. Qe2 Bxd2+ 10. Kxd2 Qxe2+ 11. Kxe2 c5 12. dxc6 bxc6 13. Nxd4 d5
14. Bb3 c5 15. Ba4+ Ke7 16. Nf3 Rb8 17. Rhe1 Kd6 18. b3 Ne4 19. Kd3 f5 20. c4
d4 21. Re2 Nc3 22. Re5 Bb7 23. Ree1 Be4+ 24. Kd2 Nxa4 25. bxa4 Rb2+ 26. Kd1
Rxf2 27. Ng5 Re8 28. Nxe4+ Rxe4 29. Rg1 Ree2 0-1

[Event "X Festival A"]
[Site "Trieste ITA"]
[Date "2008.09.07"]
[Round "9"]
[White "Kragelj, Igor"]
[Black "Mufic, Goran"]
[Result "1/2-1/2"]
[WhiteElo "2228"]
[BlackElo "2298"]
[PlyCount "25"]
[EventDate "2008.08.31"]

1. d4 d5 2. c4 e6 3. Nf3 c6 4. Qc2 Nf6 5. Bg5 h6 6. Bh4 Be7 7. Nbd2 O-O 8. e3
Ne4 9. Bxe7 Qxe7 10. Bd3 Nxd2 11. Qxd2 Nd7 12. cxd5 exd5 13. O-O 1/2-1/2

[Event "X Festival A"]
[Site "Trieste ITA"]
[Date "2008.09.07"]
[Round "9"]
[White "Lalic, Bogdan"]
[Black "Rukavina, Josip"]
[Result "1/2-1/2"]
[WhiteElo "2533"]
[BlackElo "2414"]
[PlyCount "31"]
[EventDate "2008.08.31"]

1. d4 d6 2. c4 g6 3. e4 Bg7 4. Nc3 e5 5. Nge2 Nc6 6. Be3 Nh6 7. d5 Ne7 8. f3 f5
9. Qd2 Nf7 10. O-O-O Ng8 11. Kb1 Bh6 12. Nc1 Bxe3 13. Qxe3 Nf6 14. Bd3 fxe4 15.
Nxe4 Nxe4 16. Bxe4 1/2-1/2

[Event "X Festival A"]
[Site "Trieste ITA"]
[Date "2008.09.07"]
[Round "9"]
[White "Milazzo, Mario"]
[Black "Samuelli, Daniele"]
[Result "1-0"]
[WhiteElo "2010"]
[BlackElo "1931"]
[PlyCount "41"]
[EventDate "2008.08.31"]

1. c4 Nf6 2. Nc3 e6 3. g3 d5 4. d4 dxc4 5. Bg2 c6 6. a4 Bb4 7. Nf3 Nbd7 8. O-O
O-O 9. Qc2 Nd5 10. e4 Nxc3 11. bxc3 Be7 12. Be3 b5 13. Rfb1 bxa4 14. Qxa4 Nb6
15. Qa2 Bd7 16. Ne5 Qc7 17. Nxc4 c5 18. Bf4 Qc8 19. Nd6 Qd8 20. dxc5 Na4 21.
Qc4 1-0

[Event "X Festival A"]
[Site "Trieste ITA"]
[Date "2008.09.07"]
[Round "9"]
[White "Palac, Mladen"]
[Black "Mogranzini, Roberto"]
[Result "1-0"]
[WhiteElo "2587"]
[BlackElo "2423"]
[PlyCount "55"]
[EventDate "2008.08.31"]

1. e4 c5 2. Nf3 d6 3. d4 cxd4 4. Nxd4 Nf6 5. Nc3 a6 6. Be3 e6 7. Be2 Be7 8. f4
Qc7 9. a4 Nc6 10. O-O O-O 11. Kh1 Re8 12. Bf3 Rb8 13. Qe1 Bf8 14. Qf2 e5 15.
Nde2 b5 16. axb5 axb5 17. f5 Nb4 18. Bg5 Be7 19. Ng3 Qc5 20. Qd2 Qd4 21. Qc1
Qb6 22. Be2 Bd7 23. Bxf6 Bxf6 24. Nh5 Qd8 25. Ra7 Bc6 26. Nxf6+ Qxf6 27. Qd2
Red8 28. Nd1 1-0

[Event "X Festival A"]
[Site "Trieste ITA"]
[Date "2008.09.07"]
[Round "9"]
[White "Raykhman, Alexander"]
[Black "Fierro Baquero, Martha Lorena"]
[Result "1/2-1/2"]
[WhiteElo "2267"]
[BlackElo "2379"]
[PlyCount "45"]
[EventDate "2008.08.31"]

1. e4 c5 2. Nf3 g6 3. d4 cxd4 4. Nxd4 Nc6 5. Nc3 Bg7 6. Nde2 Nf6 7. g3 O-O 8.
Bg2 Rb8 9. a4 a6 10. O-O b5 11. axb5 axb5 12. h3 b4 13. Nd5 Bb7 14. Be3 Ra8 15.
Qd2 Qb8 16. Rfe1 d6 17. Bh6 Bxh6 18. Qxh6 Nxd5 19. exd5 Rxa1 20. Rxa1 Ne5 21.
Qd2 Qc7 22. Qxb4 Qxc2 23. Qe4 1/2-1/2